Old Town Road - Lil Nas X Lyrics - Statistics

General Stats
  • This quiz has been taken 2,074 times
  • The average score is 149 of 193
Answer Stats
Lyrics % Correct
I
99%
to
99%
go
98%
horse
98%
Horse
98%
my
98%
My
98%
old
98%
road
98%
the
98%
town
98%
can
97%
no
97%
tack
97%
can't
96%
Can't
96%
gonna
96%
I'm
96%
more
96%
ride
96%
'til
96%
take
95%
a
90%
in
88%
back
84%
got
84%
Got
84%
Yeah
79%
horses
77%
is
70%
on
70%
me
69%
You
69%
tell
66%
nothin'
65%
Ridin'
63%
ridin'
63%
nobody
62%
black
60%
attached
58%
Hat
56%
hat
56%
Porsche
50%
and
47%
matte
43%
your
43%
boots
41%
match
41%
tractor
41%
ain't
40%
valley
39%
whip
39%
baby
38%
that
37%
been
35%
her
34%
life
34%
movie
34%
ask
32%
all
31%
bladder
31%
booty
31%
porch
31%
Gucci
30%
Cheated
29%
Lean
29%
Cowboy
28%
boobies
27%
Bull
26%
up
26%
from
25%
off
22%
Wrangler
20%
that's
19%
No matching quizzes found
Score Distribution
Percent of People with Each Score
Percentile by Number Answered
Your Score History
You have not taken this quiz